000 00258nam a2200097Ia 4500
001 722523
005 20250826163313.0
008 250824s9999 xx 000 0 und d
245 0 _aSAYILARIN EFENDİLERİ
_cDUYGU KAÇARANOĞLU
260 _bGENÇ TİMAŞ YAYINLARI
999 _c722523
_d722523